000 01047nam a2200325 a 4500
001 000110856
003 CHAP
005 20240813124216.0
008 141013s1995 mx |r| |||0|||spa d
010 _a107318
011 _a108290
040 _cCHAP
090 _aFolleto 18482
245 0 0 _aReporte del viaje de estudio al estado de Veracruz (comunidad paso doña Juana) /
_ccoordinado por Juan Vidal Bello.
260 _aChapingo, Méx. :
_bUACH. Preparatoria Agríola,
_c1995.
300 _a38 h.
590 _aE11695DGD
_b10
_c20141013
_lUCH01
_h1454
590 _aE11695DGD
_b10
_c20141014
_lUCH01
_h0824
590 _aE11695DGD
_b10
_c20141109
_lUCH01
_h1315
590 _aE5652GLJ
_b05
_c20141013
_lUCH01
_h0923
650 1 4 _aAgricultura
_zVeracruz.
_91941
650 1 4 _aCultivos
_xRendimiento.
_930318
650 1 4 _aCultivos
_xVeracruz.
_930337
650 1 4 _aSuelos
_zVeracruz.
_9110530
651 _aVeracruz
_xViajes de estudio
_9128600
700 1 _aVidal Bello, Juan
_ecoord.
_9119222
901 _aBK
942 _cFOLL
942 _n0
999 _c107318
_d107318